000 00853cam a22002658a 4500
001 17022584
005 20130129142400.0
008 111025s2012 mou b 001 0 eng
010 _a 2011044457
020 _a9780323068956 (hardcover : alk. paper)
082 0 0 _a617.695
_223
_bCON
245 0 0 _aContemporary Esthetic Dentistry /
_c[edited by] George A. Freedman.
260 _aSt. Louis, Mo. :
_bElsevier,
_cc2012.
263 _a1112
300 _a805 p. ;
_c28 cm.
504 _aIncludes bibliographical references and index.
650 1 2 _aEsthetics, Dental.
_930623
650 2 2 _aDental Bonding.
_932087
650 2 2 _aDental Materials.
_932088
650 2 2 _aDental Restoration, Permanent.
_932089
650 2 2 _aOral Surgical Procedures.
_932090
653 _bDent
_cJanuary2013
700 1 _aFreedman, George A.
_932091
942 _2ddc
_cDN
999 _c17162
_d17134